000 01566nam0a2200349 4500
001 RU\NLR\BIBL_A\022204057
005 20260406155754.0
035 _a(NLR Aleph) 022204057
090 _a13053079
_c13053079
100 _a20081218d1916 |||y0rusy50 ca
101 0 _arus
102 _aRU
105 _ay zw 000yy
181 0 _ai
_baxxe
182 0 _an
200 1 _aНаставление и утешение воинам, на поле брани подвизающимся
203 _aТекст
_bвизуальный
_cнепосредственный
210 _aОдесса
_cТипография и Переплетная И. Л. Скальскаго
_d[1916]
215 _a4 с.
_d22
225 1 _aАфоно-Ильинский листок
225 1 _aБлагословение Афонскаго Русскаго скита св. пророка Илии
300 _aГод изд. установлен по дате получения обязат. экз.
309 _aБез тит. л. и обл. Описано по 1-й с. текста
606 1 _aПроповеди церковные православные
_91149726
_3RU\NLR\AUTH\66140499
686 0 _aЭ372.24-462.2
712 0 2 _4570
_aРусский Ильинский общежительный скит на святой горе Афонской
_3RU\NLR\AUTH\889931123
_9357707
852 _aNLR
_j20.37.9.352(1916)
942 _cBOOK
980 _aNB